Investigación sobre analfabetismo funcional en algunos países de América Latina /
Gorde:
| Egile nagusia: | |
|---|---|
| Formatua: | Texto |
| Etiketak: |
Etiketa erantsi
Etiketarik gabe, Izan zaitez lehena erregistro honi etiketa jartzen!
|
MARC
| LEADER | 00000 a a2200000 04500 | ||
|---|---|---|---|
| 001 | 47293 | ||
| 003 | |||
| 040 | |||
| 090 | |a REV1737 14(2) 1991 | ||
| 100 | |a Infante, Isabel | ||
| 245 | |a Investigación sobre analfabetismo funcional en algunos países de América Latina / |c Isabel Infante | ||
| 500 | |a Colección Alforja | ||
| 773 | |g volumen14, número2, (1991), páginas 61-81 | ||
| 999 | |c 28581 |d 28581 | ||
